United States or Confederate States - Click Quiz - Statistics

General Stats
  • This quiz has been taken 38 times
  • The average score is 30 of 34
Answer Stats
Hint Answer % Correct
Mississippi Confederate
100%
Alabama Confederate
100%
Georgia Confederate
100%
Louisiana Confederate
100%
Texas Confederate
100%
Floryda Confederate
97%
Arkansas Confederate
97%
Illinois Union
97%
Maine Union
97%
Massachusetts Union
97%
Michigan Union
97%
Minnesota Union
97%
New Hampshire Union
97%
New Jersey Union
97%
New York Union
97%
Oregon Union
97%
Rhode Island Union
97%
Vermont Union
97%
Tennessee Confederate
93%
Iowa Union
93%
Ohio Union
93%
Pennsylvania Union
93%
Wisconsin Union
93%
Delaware Union
90%
Indiana Union
90%
California Union
90%
Maryland Union
86%
Nevada Union
79%
Wirginia Confederate
72%
Missouri Union
72%
West Virginia Union
66%
North Carolina Confederate
62%
Kansas Union
59%
Kentucky Union
48%
No matching quizzes found
Score Distribution
Percent of People with Each Score
Percentile by Number Answered
Your Score History
You have not taken this quiz